00814nam a22001937a 4500003000400000005001700004008004100021040002500062082001700087100002900104245011500133260009800248300002000346490004100366500005300407700002500460710009800485830003700583OSt20201105133920.0130408s2000 dr 000 0 spa d aDO-SdBNPbspacBNPHU axxxxxbxxxxx1 aGuzmán, Carlos Modesto13aEl proceso de reforma del Instituto Postal Dominicano /cCarlos Modesto Guzmán ; presentación Onofre Rojas aSanto Domingo :bComisión Presidencial para la Reforma y Modernización del Estado,c2000. a34 p. ;c21 cm.1 aConversatorios de la reforma ;v15 ; aConversatorio realizado el 6 de octubre de 1999.12aRojas, Onofreepres.2 aRepública Dominicana.bComisión Presidencial para la Reforma y Modernización del Estado 0aConversatorios de la reformav15